000 00917cam a2200289 a 4500
001 960
003 BD-RjUL
005 20211208233246.0
008 131124s1970 onc 000 0 eng
020 _a091929068X
035 _a(BD-RjUL) 982
040 _aDLC
_cDLC
_dDLC
_dBD-RjUL
_beng
041 _aeng
082 0 0 _a331.702
_222
_bGAO 1970
100 1 _aGaymer, Rosemary D.
_92840
245 1 0 _aOccupational options :
_ba cross reference for students /
_cby Rosemary Gaymer.
246 _aCareer planning & job hunting [a resource book for present and prospective university and college students,
260 _aToronto :
_bMaclean-Hunter,
_cc1970.
300 _avarious pagings ;
_c23 cm.
350 _a$4.95
650 0 _aCounseling in higher education.
_92841
650 0 _aVocational guidance.
_92842
650 0 _aOccupations.
_92843
942 _2ddc
_cBK
999 _c960
_d960